| 000 | 00456nam a2200169Ia 4500 | ||
|---|---|---|---|
| 008 | 180424s9999 xx 000 0 und d | ||
| 084 | _a574.87 S20 | ||
| 100 | _a"Szakkasi, Zoltan" | ||
| 245 | 0 | _aSystem Modeling in Cell Biology from Concepts to Nuts and Bolts | |
| 250 | _a\\200700ENGGPSX | ||
| 260 | _aPrentice Hall of India | ||
| 260 | _b2007 | ||
| 260 | _cNew Delhi | ||
| 300 | _a448p. | ||
| 500 | _aincludes index and biblioraphy | ||
| 942 | _cBK | ||
| 999 |
_c77482 _d77482 |
||